[Event "Stay Safe Play From Home 358"]
[Site "Emanuel Lasker Arena"]
[Date "2020.08.05"]
[Round "6"]
[White "Haris kollari 13"]
[Black "Greblha"]
[Result "0-1"]
[WhiteElo "1724"]
[BlackElo "1966"]
[Annotator "NA RC"]
[PlyCount "72"]
[EventDate "2020.08.05"]
[EventType "swiss (blitz)"]

1. e4 {[%emt 0:00:01]} c6 {[%emt 0:00:00]} 2. f4 {[%emt 0:00:01]} d5 {[%emt 0:00:00]} 3. e5 {[%emt 0:00:00]} Bf5 {[%emt 0:00:01]} 4. d4 {[%emt 0:00:00]} e6 {[%emt 0:00:01]} 5. c3 {[%emt 0:00:01]} Ne7 {[%emt 0:00:01]} 6. Bd3 {[%emt 0:00:00]} Bxd3 {[%emt 0:00:01]} 7. Qxd3 {[%emt 0:00:01]} c5 {[%emt 0:00:00]} 8. Nf3 {[%emt 0:00:01]} Nec6 {[%emt 0:00:02]} 9. b3 {[%emt 0:00:01]} Nd7 {[%emt 0:00:01]} 10. Be3 {[%emt 0:00:02]} cxd4 {[%emt 0:00:01]} 11. Nxd4 {[%emt 0:00:02]} Nxd4 {[%emt 0:00:01]} 12. Bxd4 {[%emt 0:00:01]} Bc5 {[%emt 0:00:01]} 13. O-O {[%emt 0:00:01]} Qb6 {[%emt 0:00:01]} 14. Nd2 {[%emt 0:00:02]} Bxd4+ {[%emt 0:00:01]} 15. cxd4 {[%emt 0:00:01]} Rc8 {[%emt 0:00:00]} 16. Nf3 {[%emt 0:00:02]} g6 {[%emt 0:00:01]} 17. Rac1 {[%emt 0:00:01]} O-O {[%emt 0:00:00]} 18. g4 {[%emt 0:00:03]} Rxc1 {[%emt 0:00:01]} 19. Rxc1 {[%emt 0:00:02]} Nb8 {[%emt 0:00:01]} 20. Qc3 {[%emt 0:00:03]} Nc6 {[%emt 0:00:01]} 21. a3 {[%emt 0:00:01]} Rc8 {[%emt 0:00:02]} 22. b4 {[%emt 0:00:02]} Ne7 {[%emt 0:00:01]} 23. Qd2 {[%emt 0:00:03]} Rc4 {[%emt 0:00:01]} 24. Rxc4 {[%emt 0:00:02]} dxc4 {[%emt 0:00:01]} 25. Qc3 {[%emt 0:00:00]} Qb5 {[%emt 0:00:01]} 26. Qc2 {[%emt 0:00:04]} Nd5 {[%emt 0:00:02]} 27. f5 {[%emt 0:00:03]} c3 {[%emt 0:00:02]} 28. g5 {[%emt 0:00:01]} Ne3 {[%emt 0:00:01]} 29. Qxc3 {[%emt 0:00:03]} Nxf5 {[%emt 0:00:01]} 30. Qc8+ {[%emt 0:00:06]} Kg7 {[%emt 0:00:01]} 31. Qc5 {[%emt 0:00:00]} Qd3 {[%emt 0:00:08]} 32. Ne1 {[%emt 0:00:01]} Qe3+ {[%emt 0:00:02]} 33. Kf1 {[%emt 0:00:01]} Qxd4 {[%emt 0:00:02]} 34. Qxd4 {[%emt 0:00:01]} Nxd4 {[%emt 0:00:01]} 35. Nd3 {[%emt 0:00:00]} Nf3 {[%emt 0:00:02]} 36. h4 {[%emt 0:00:02]} Nd2+ {[%emt 0:00:01] Time Time Time Time Time (Lag: Av=0.41s, max=0.6s) (Lag: Av=0.41s, max=0.6s) (Lag: Av=0.41s, max=0.6s) (Lag: Av=0.41s, max=0.6s) (Lag: Av=0.41s, max=0.6s)} 0-1

[Event "Stay Safe Play From Home 358"]
[Site "Emanuel Lasker Arena"]
[Date "2020.08.05"]
[Round "6"]
[White "Edmatuag"]
[Black "Ao017545"]
[Result "1-0"]
[WhiteElo "1676"]
[BlackElo "1464"]
[Annotator "NA RC"]
[PlyCount "26"]
[EventDate "2020.08.05"]
[EventType "swiss (blitz)"]

1. e4 {[%emt 0:00:01]} e5 {[%emt 0:00:01]} 2. Nf3 {[%emt 0:00:02]} Nf6 {[%emt 0:00:00]} 3. Nc3 {[%emt 0:00:03]} Bc5 {[%emt 0:00:00]} 4. Bc4 {[%emt 0:00:01]} Ng4 {[%emt 0:00:02]} 5. O-O {[%emt 0:00:02]} O-O {[%emt 0:00:04]} 6. h3 {[%emt 0:00:02]} Nf6 {[%emt 0:00:02]} 7. Nxe5 {[%emt 0:00:01]} Re8 {[%emt 0:00:03]} 8. Nd3 {[%emt 0:00:04]} Nxe4 {[%emt 0:00:02]} 9. Nxe4 {[%emt 0:00:02]} Rxe4 {[%emt 0:00:03]} 10. Bxf7+ {[%emt 0:00:01]} Kxf7 {[%emt 0:00:02]} 11. Qf3+ {[%emt 0:00:02]} Qf6 {[%emt 0:00:03]} 12. Qxe4 {[%emt 0:00:01]} Nc6 {[%emt 0:00:03]} 13. Qd5+ {[%emt 0:00:02]} Ke8 {[%emt 0:00:02] Ao017545 terk eder Ao017545 terk eder Ao017545 terk eder Ao017545 terk eder Ao017545 terk eder (Lag: Av=0.80s, max=1.3s) (Lag: Av=0.80s, max=1.3s) (Lag: Av=0.80s, max=1.3s) (Lag: Av=0.80s, max=1.3s) (Lag: Av=0.80s, max=1.3s)} 1-0

[Event "Stay Safe Play From Home 358"]
[Site "Emanuel Lasker Arena"]
[Date "2020.08.05"]
[Round "6"]
[White "Trotsky"]
[Black "Stefanone"]
[Result "0-1"]
[WhiteElo "1638"]
[BlackElo "1964"]
[Annotator "TA"]
[PlyCount "84"]
[EventDate "2020.08.05"]
[EventType "swiss (blitz)"]

{[%evp 9,84,0,10,-29,-11,-24,28,-17,0,-27,-19,-254,-246,-366,-394,-376,-362,-374,-374,-386,-345,-668,-514,-505,-508,-555,-564,-572,-566,-690,-547,-502,-418,-415,-307,-309,-191,-188,-182,-187,-191,-241,177,-271,0,0,1901,-279,-105,-426,-427,-535,-235,-913,-525,-5260,-2660,-29987,-2246,-1847,-1948,-2337,-2235,-29991,-29992,-29992,-29993,-29999,428,422,419,402,420,391,379,103,1315]} 1. d4 f5 2. e3 Nf6 3. c4 g6 4. Nc3 Bg7 5. Bd3 O-O 6. Qc2 {A85: Dutch Defence: 2 c4 Nf6 3 Nc3.} d6 7. Nf3 c6 (7... e5 $142 8. dxe5 dxe5 9. Nxe5 Na6) 8. Bd2 {[#] White has an edge.} Nbd7 $146 ({Predecessor:} 8... Qe8 9. O-O e5 10. dxe5 dxe5 11. e4 f4 12. h3 Na6 13. a3 Nc5 14. Be2 Nfd7 {1-0 (48) Soverall,P (1657)-Ramon Fortune,A Port of Spain 2014}) 9. O-O-O e5 {...e4 is the strong threat.} 10. h4 $2 (10. Be2 $11) 10... e4 $19 11. Nxe4 (11. Be2 $142 exf3 12. Bxf3) 11... fxe4 ({But not} 11... Nxe4 12. Be1 $19) 12. Bxe4 Nxe4 13. Qxe4 Nf6 14. Qd3 Bf5 15. e4 $2 (15. Qb3) 15... Bxe4 16. Qb3 d5 17. Ng5 dxc4 18. Qxc4+ Bd5 19. Qd3 Qb6 20. f3 h6 21. Qxg6 hxg5 22. hxg5 Rf7 23. gxf6 Rxf6 24. Qh7+ Kf7 25. Qh5+ Ke7 $4 {[%mdl 8192] [#]} (25... Kf8 $19 {and all is fine.} 26. Qg5 Bf7) 26. Rhe1+ $4 {[%mdl 8192] [#]} (26. Qg5 $1 $18 {[%cal Rg5g7] is the narrow road to win.} Rg8 27. Rh7) 26... Be6 $2 (26... Kf8 $1 $19 27. Qh7 Qxd4) 27. Bg5 $11 {Threatens to win with Qh7.} Qa5 $2 {[%mdl 8192]} (27... Qb4 $11) 28. Qg4 $4 {[%mdl 8192]} (28. Bxf6+ $18 Kxf6 29. Qxa5 Bh6+ 30. Kb1) 28... Qd5 $2 (28... Kf8 $19 {has better winning chances.} 29. Rxe6 Rxe6 30. Qxe6 Qxg5+ {[%mdl 64] Double Attack} 31. Kb1 Qxg2) 29. Re5 $2 {[%mdl 8192]} (29. Bxf6+ $17 {is a better chance.} Bxf6 30. b3) 29... Qc4+ $19 30. Kb1 {Strongly threatening b3.} Kf7 (30... Qxa2+ $142 31. Kc1 Kf7) 31. Bxf6 $2 (31. Qh5+ Rg6 32. b3) 31... Bxg4 32. Re7+ Kxf6 33. Rde1 Qd3+ (33... Bf5+ $142 34. Ka1 Qxd4 35. a3 Kg6 36. Rxb7 Qd6 37. Rxg7+ Kxg7 38. g4 Qd2 39. Re7+ Kf6 40. Re4 Bxe4 41. g5+ Kxg5 42. f4+ Kxf4 43. b4 Qc1+ {[%mdl 64] Double Attack} 44. Ka2 Bd5#) 34. Ka1 Bf5 35. g4 Bg6 36. R1e6+ {[#]} Kg5 $1 {[%cal Rd3d1]} 37. f4+ Kxf4 {[%cal Rd3d1]} 38. Rxg6 Qb1+ $4 {[%mdl 8192]} (38... Qd1#) 39. Kxb1 $18 Bxd4 40. Rf7+ Kg3 41. Rh6 Re8 42. Rf1 $2 (42. g5 $18) 42... Re1+ $2 {[%mdl 40960] Never resign too early! Accuracy: White = 17%, Black = 33%. . Loss on time!?} (42... Re2 $16) 0-1

[Event "Stay Safe Play From Home 358"]
[Site "Emanuel Lasker Arena"]
[Date "2020.08.05"]
[Round "7"]
[White "NTBT_DHS"]
[Black "Little champs"]
[Result "1-0"]
[WhiteElo "2618"]
[BlackElo "2202"]
[Annotator "TA"]
[PlyCount "49"]
[EventDate "2020.08.05"]
[EventType "swiss (blitz)"]

{[%evp 9,48,83,85,82,72,67,78,64,75,24,129,133,137,122,165,126,178,177,303,315,278,145,125,103,106,68,100,108,259,123,188,168,711,708,692,707,654,616,29998,29999,29999]} 1. d4 c6 2. c4 d5 3. Nf3 dxc4 4. e3 g6 5. Bxc4 Bg7 6. O-O {D11: Slav Defence: 3 Nf3 sidelines and 3...Nf6 4 e3 Bg4.} Nf6 7. Nc3 {[%cal Bb1c3,Bc3e4,Be4f6][%mdl 32]} O-O 8. e4 {White is better.} Bg4 {[#]} 9. e5 $146 (9. Be2 $16) ({Predecessor:} 9. h3 Bxf3 10. Qxf3 Qxd4 11. b3 b5 12. Be2 b4 13. Nd1 Qxa1 {0-1 (13) Chladek,D-Maleski,H (1506) Wiesbaden 2011}) 9... Bxf3 (9... Nfd7 $11 {remains equal.}) 10. Qxf3 $16 Nfd7 11. Rd1 e6 12. Ne4 Nb6 (12... c5 $16) 13. Bb3 $36 {[%mdl 2048] White is in control.} Na6 (13... N8d7 $142 14. Bg5 Qc7) 14. Bg5 Qd7 15. Bf6 (15. Qh3 $18) 15... Nd5 $16 16. Bxg7 Kxg7 17. Nf6 Qe7 {[%cal Rd5f6]} 18. Bxd5 exd5 $2 (18... cxd5 $16 19. Rac1 Rac8) 19. Qf4 (19. Qh3 $18 {[%csl Gf6][%cal Rh3h7]} h6 20. f4) 19... h5 (19... Rh8 $16 {was necessary.}) 20. Rd3 {aiming for Nxh5+!} Nc7 $2 {[#]} (20... Rh8 21. Qg5 Nc7 22. Nxh5+ Kf8) 21. Nxh5+ $1 $18 {[%mdl 512]} gxh5 22. Rg3+ Kh7 {[#]} 23. Rg5 $1 Rg8 24. Rxh5+ Kg7 25. Qh6# {Accuracy: White = 63%, Black = 27%.} 1-0

[Event "Stay Safe Play From Home 358"]
[Site "Emanuel Lasker Arena"]
[Date "2020.08.05"]
[Round "7"]
[White "Gokerkan"]
[Black "BrainThinker22"]
[Result "1-0"]
[WhiteElo "2550"]
[BlackElo "2377"]
[Annotator "NA RC"]
[PlyCount "143"]
[EventDate "2020.08.05"]
[EventType "swiss (blitz)"]

1. e4 {[%emt 0:00:07]} c6 {[%emt 0:00:01]} 2. d4 {[%emt 0:00:01]} d5 {[%emt 0:00:00]} 3. e5 {[%emt 0:00:00]} Bf5 {[%emt 0:00:01]} 4. Nd2 {[%emt 0:00:01]} e6 {[%emt 0:00:00]} 5. Nb3 {[%emt 0:00:00]} Nd7 {[%emt 0:00:03]} 6. Nf3 {[%emt 0:00:00]} a6 {[%emt 0:00:01]} 7. Bd3 {[%emt 0:00:01]} Bxd3 {[%emt 0:00:01]} 8. Qxd3 {[%emt 0:00:00]} c5 {[%emt 0:00:00]} 9. dxc5 {[%emt 0:00:00]} Nxc5 {[%emt 0:00:00]} 10. Nxc5 {[%emt 0:00:00]} Bxc5 {[%emt 0:00:00]} 11. O-O {[%emt 0:00:00]} Ne7 {[%emt 0:00:01]} 12. Bg5 {[%emt 0:00:01]} h6 {[%emt 0:00:01]} 13. Bh4 {[%emt 0:00:00]} g5 {[%emt 0:00:02]} 14. Bg3 {[%emt 0:00:01]} Ng6 {[%emt 0:00:00]} 15. Rad1 {[%emt 0:00:01]} O-O {[%emt 0:00:01]} 16. c4 {[%emt 0:00:01]} dxc4 {[%emt 0:00:02]} 17. Qxc4 {[%emt 0:00:00]} Qb6 {[%emt 0:00:00]} 18. a3 {[%emt 0:00:03]} Rfd8 {[%emt 0:00:01]} 19. Qe2 {[%emt 0:00:00]} Ne7 {[%emt 0:00:05]} 20. b4 {[%emt 0:00:02]} Bxb4 {[%emt 0:00:02]} 21. axb4 {[%emt 0:00:01]} Qxb4 {[%emt 0:00:00]} 22. h4 {[%emt 0:00:02]} g4 {[%emt 0:00:02]} 23. Nd2 {[%emt 0:00:04]} Nf5 {[%emt 0:00:02]} 24. Ne4 {[%emt 0:00:00]} h5 {[%emt 0:00:07]} 25. Nf6+ {[%emt 0:00:01]} Kf8 {[%emt 0:00:01]} 26. Nxh5 {[%emt 0:00:00]} a5 {[%emt 0:00:04]} 27. Nf6 {[%emt 0:00:03]} a4 {[%emt 0:00:02]} 28. Rb1 {[%emt 0:00:01]} Qd4 {[%emt 0:00:05]} 29. Qxg4 {[%emt 0:00:07]} Qxg4 {[%emt 0:00:02]} 30. Nxg4 {[%emt 0:00:00]} a3 {[%emt 0:00:00]} 31. Rxb7 {[%emt 0:00:04]} a2 {[%emt 0:00:00]} 32. Ra1 {[%emt 0:00:00]} Nd4 {[%emt 0:00:00]} 33. Rb2 {[%emt 0:00:02]} Rdc8 {[%emt 0:00:06]} 34. Rbxa2 {[%emt 0:00:01]} Rab8 {[%emt 0:00:00]} 35. Ne3 {[%emt 0:00:02]} Nb3 {[%emt 0:00:01]} 36. Rb1 {[%emt 0:00:01]} Nc5 {[%emt 0:00:00]} 37. Rxb8 {[%emt 0:00:00]} Rxb8 {[%emt 0:00:00]} 38. Rc2 {[%emt 0:00:00]} Rb1+ {[%emt 0:00:00]} 39. Kh2 {[%emt 0:00:01]} Nd7 {[%emt 0:00:00]} 40. Rc8+ {[%emt 0:00:01]} Ke7 {[%emt 0:00:00]} 41. Rc7 {[%emt 0:00:00]} Rb6 {[%emt 0:00:01]} 42. Nc4 {[%emt 0:00:01]} Ra6 {[%emt 0:00:00]} 43. Nd6 {[%emt 0:00:01]} Kd8 {[%emt 0:00:00]} 44. Rxd7+ {[%emt 0:00:01]} Kxd7 {[%emt 0:00:00]} 45. Nxf7 {[%emt 0:00:00]} Kc6 {[%emt 0:00:00]} 46. Ng5 {[%emt 0:00:00]} Kd5 {[%emt 0:00:00]} 47. Kh3 {[%emt 0:00:00]} Kc4 {[%emt 0:00:01]} 48. Kg4 {[%emt 0:00:00]} Kd3 {[%emt 0:00:00]} 49. f4 {[%emt 0:00:00]} Ke2 {[%emt 0:00:00]} 50. Nxe6 {[%emt 0:00:00]} Kf1 {[%emt 0:00:00]} 51. f5 {[%emt 0:00:00]} Ra4+ {[%emt 0:00:00]} 52. Kg5 {[%emt 0:00:01]} Ra5 {[%emt 0:00:00]} 53. Bf4 {[%emt 0:00:00]} Ra8 {[%emt 0:00:00]} 54. g4 {[%emt 0:00:00]} Rg8+ {[%emt 0:00:00]} 55. Kf6 {[%emt 0:00:00]} Rc8 {[%emt 0:00:00]} 56. g5 {[%emt 0:00:00]} Rc6 {[%emt 0:00:00]} 57. g6 {[%emt 0:00:00]} Rc8 {[%emt 0:00:00]} 58. h5 {[%emt 0:00:00]} Ra8 {[%emt 0:00:00]} 59. h6 {[%emt 0:00:00]} Rf8+ {[%emt 0:00:00]} 60. Nxf8 {[%emt 0:00:01]} Ke2 {[%emt 0:00:00]} 61. g7 {[%emt 0:00:00]} Kd1 {[%emt 0:00:00]} 62. h7 {[%emt 0:00:00]} Kc2 {[%emt 0:00:00]} 63. h8=Q {[%emt 0:00:00]} Kd3 {[%emt 0:00:00]} 64. g8=Q {[%emt 0:00:00]} Ke2 {[%emt 0:00:00]} 65. e6 {[%emt 0:00:00]} Kd1 {[%emt 0:00:00]} 66. Be5 {[%emt 0:00:00]} Kc2 {[%emt 0:00:00]} 67. Ke7 {[%emt 0:00:00]} Kb3 {[%emt 0:00:00]} 68. Kd7 {[%emt 0:00:00]} Ka4 {[%emt 0:00:00]} 69. Kc8 {[%emt 0:00:00]} Kb5 {[%emt 0:00:00]} 70. Qf7 {[%emt 0:00:00]} Ka6 {[%emt 0:00:00]} 71. Qg6 {[%emt 0:00:00]} Kb5 {[%emt 0:00:00]} 72. Qg4 {[%emt 0:00:00] Time Time Time Time Time (Lag: Av=0.48s, max=1.1s) (Lag: Av=0.48s, max=1.1s) (Lag: Av=0.48s, max=1.1s) (Lag: Av=0.48s, max=1.1s) (Lag: Av=0.48s, max=1.1s)} 1-0

[Event "Stay Safe Play From Home 358"]
[Site "Emanuel Lasker Arena"]
[Date "2020.08.05"]
[Round "7"]
[White "Lamborghini"]
[Black "Tran Minh Thang"]
[Result "1-0"]
[WhiteElo "2294"]
[BlackElo "2554"]
[Annotator "TA"]
[PlyCount "121"]
[EventDate "2020.08.05"]
[EventType "swiss (blitz)"]

{[%evp 11,121,34,48,32,34,0,1,-17,0,6,30,32,52,68,119,107,102,94,92,92,181,188,181,167,179,183,202,204,198,131,204,188,334,324,320,267,251,-426,-425,-698,-418,-410,-412,-396,-403,-382,-346,-448,-414,-433,-433,-411,-251,-409,-140,-337,-335,-570,-328,-378,-354,-389,243,239,236,227,315,285,29995,1836,29976,1869,1836,1777,1836,1816,1798,1597,1670,1317,1737,1605,5105,1772,4678,1206,1193,1079,1595,1502,1113,0,1777,1723,1220,37,5106,1979,1719,1119,1055,951,1425,1021,29986,29987,29994,29995,29995,29995,29995,29995]} 1. e4 c5 2. Nf3 e6 3. d4 cxd4 4. Nxd4 a6 5. Bd3 Bc5 6. Nb3 Ba7 7. Qg4 {B42: Sicilian: Kan Variation: 5 Bd3.} Nf6 8. Qe2 d6 9. Nc3 {The position is equal.} Nc6 {[#]} 10. Bg5 $146 ({Predecessor:} 10. Be3 b5 11. a3 O-O 12. O-O Ne5 13. Bxa7 Rxa7 14. f4 Nxd3 15. Qxd3 Rd7 16. Rad1 {1-0 (44) Divya,D (2305)-Morales Flores,M (1974) chess.com INT 2020}) 10... h6 11. Bh4 g5 12. Bg3 b5 (12... h5 $14) 13. O-O-O $16 e5 14. Kb1 Be6 15. h4 {Threatens to win with hxg5.} Rg8 (15... g4 $16) 16. hxg5 $18 hxg5 17. Rh6 Bxb3 18. axb3 Nd4 19. Qd2 Bc5 20. Ne2 (20. f3 $18) 20... Ke7 (20... Ng4 $16) 21. Nc3 Ng4 (21... Ke8 $142 22. f3 Ne6) 22. Nd5+ Kf8 23. Rh7 {b4 is the strong threat.} Nf6 24. Ne3 $4 {[%mdl 8192]} (24. Nxf6 $18 {was the only winning move.} Qxf6 25. b4) 24... Nxh7 $19 25. c3 (25. b4 $142 Bb6 26. c3) 25... Ne6 26. Nf5 Nf6 27. b4 Bb6 28. Bc2 Bc7 29. Qe3 Nf4 30. Bxf4 gxf4 (30... exf4 $2 31. Qh3 $19) 31. Qh3 Ke8 {[#] Hoping for ...a5.} 32. Qh6 $2 (32. c4 $1 {[%mdl 512] only move.}) 32... Rf8 $2 (32... Rxg2 $19 33. Ng7+ Rxg7 $1 {[%mdl 512]} 34. Qxg7 Ke7) 33. Bb3 $2 (33. Qh3 $17) 33... Kd7 {aiming for ...Rh8.} ({Don't go for} 33... Nxe4 $2 {[#]} 34. Bd5 $1 $18 {[%mdl 512]}) 34. g3 $2 (34. Qh3 Rh8 35. Qf3) 34... fxg3 35. f4 {intending fxe5.} Kc8 36. fxe5 Nxe4 $4 {[%mdl 8192]} (36... Ng4 $19 {avoids the disaster.} 37. Qh3 Nxe5 38. Nxd6+ Kb8) 37. exd6 $18 Nxd6 38. Nxd6+ Bxd6 39. Rxd6 {[%mdl 64] Double Attack} Qc7 $2 (39... Qe7 $18) 40. Rc6 (40. Qxf8+ $142 Kb7 41. Bd5+ {[%mdl 64] Skewer} Qc6 42. Bxc6+ Kc7 43. Qe7+ Kc8 44. Qd8#) 40... g2 41. Rxc7+ (41. Qxf8+ $142 Kb7 42. Rxc7+ Kxc7 43. Qxf7+ Kd8 44. Qf6+ Kc7 45. Qg7+ Kd6 46. Qxg2) 41... Kxc7 42. Qf4+ Kd7 43. Qf5+ Kc7 44. Qe5+ Kd7 45. Qd5+ Kc7 46. Qxg2 Kd7 47. Qg3 (47. Qd5+ $142 Ke7 48. Qe5+ Kd7 49. Qf6) 47... Ke7 48. Qd3 (48. Qe5+ $142 Kd7 49. Qf6) 48... Rad8 49. Qf5 Rd6 50. Qe5+ Kd7 51. Qf5+ $2 (51. c4 $18 Re6 52. Qd5+ Rd6 53. Qb7+ Ke8 54. c5) 51... Kc7 $2 {[%mdl 8192]} (51... Ke7 $11 52. Qe5+ Kd7) 52. Ka2 Rfd8 53. Bd5 $2 (53. Qxf7+ $18 R8d7 54. Qf4) 53... Rc6 $2 {[%mdl 8192]} (53... Rxd5 $14 54. Qxf7+ R8d7) 54. Qxf7+ (54. Bxc6 $142 Kxc6 55. Qc5+ Kb7 56. Qe7+ Kc8 57. Qf6) 54... Rd7 55. Qf4+ Rcd6 56. Bb3 Kd8 57. c4 Kc7 58. c5 {[%mdl 64] Pin. White mates.} Kd8 59. cxd6 {[%cal Rf4f8]} Kc8 60. Qe5 a5 61. Bd5 {Accuracy: White = 49%, Black = 39%.} 1-0

[Event "Stay Safe Play From Home 358"]
[Site "Emanuel Lasker Arena"]
[Date "2020.08.05"]
[Round "7"]
[White "SelamiSahin"]
[Black "Tolka"]
[Result "0-1"]
[WhiteElo "2171"]
[BlackElo "2327"]
[Annotator "TA"]
[PlyCount "148"]
[EventDate "2020.08.05"]
[EventType "swiss (blitz)"]

{[%evp 9,147,29,59,52,44,29,44,35,37,36,74,79,108,102,107,50,45,29,41,15,28,14,22,9,8,6,37,43,35,37,43,33,38,20,25,0,0,0,0,-11,0,-2,0,-11,-14,-85,-18,-79,-2,-7,0,0,0,0,0,0,0,0,0,0,8,-8,-12,-70,-87,-229,-223,-205,-197,-281,-274,-270,-155,-302,-290,-29998,-261,-817,-150,-141,-8,-163,-8,-8,-1,-8,-8,-8,0,-3,-5,-31,-8,-31,-31,-439,-31,-360,-8,-8,-8,-6084,-6077,-6070,-5163,-29981,-29983,-29983,-29984,-29984,-29985,-29986,-29987,-29987,-29987,-29988,-29989,-29989,-29989,-29994,-29995,-29996,-29993,-29993,-29991,-29994,-29993,-29993,-29993,-29994,-29994,-29995,-29994,-29994,-29995,-29997,-29997,-29998,-29999,-29999]} 1. d4 d6 2. c3 e5 3. Nf3 exd4 4. cxd4 Nf6 5. Nc3 {[#]} g6 $146 ({Predecessor:} 5... Be7 6. Bf4 Bf5 7. Qb3 b6 8. e3 O-O 9. Be2 Nc6 10. O-O Qd7 11. Nd5 Nxd5 12. Qxd5 {½-½ (60) Osipov,A (1754)-Arbynova,A Irkutsk 2012}) 6. Bf4 {A41: 1 d4 d6: Tartakower System and Modern Defence.} Bg7 7. e3 O-O 8. Be2 {White is slightly better.} Re8 9. O-O Bg4 10. h3 Bxf3 11. Bxf3 c6 12. Bh2 (12. Qb3 $16 Qe7 13. e4) 12... d5 $14 13. Re1 Nbd7 14. Qb3 Qb6 15. Qxb6 axb6 16. b3 b5 17. a4 bxa4 (17... b4 {keeps more tension.} 18. Ne2 Bf8 19. g4 Ne4 20. Nf4 Be7) 18. Rxa4 Rxa4 19. bxa4 Ra8 $1 20. Rb1 Ra7 $1 21. Bd6 Bf8 22. Bxf8 (22. Bf4 {feels hotter.} Ne8 23. e4 dxe4 24. Bxe4 Bg7 25. Ne2) 22... Kxf8 23. Kf1 Ke7 24. Ke2 Ne8 25. Kd3 Nd6 26. e4 dxe4+ 27. Nxe4 (27. Bxe4 $11 {remains equal.} Ra6 28. Bf3) 27... Nxe4 (27... Rxa4 $17 {Strongly threatening ...Nb5.} 28. Nxd6 Kxd6 29. Rxb7 c5) 28. Kxe4 $11 {[%mdl 4096] Endgame KRB-KRN} (28. Bxe4 $11 {keeps the balance.} Kd6 29. Kc3) 28... Nf6+ (28... Rxa4 $17 {Threatening ...Nc5+.} 29. Rxb7 c5) 29. Kd3 Ne8 30. Bd1 Nd6 31. Bb3 f6 32. Re1+ Kd7 33. g4 Ra8 34. f4 Re8 35. Rc1 Re4 36. a5 ({Better is} 36. Rf1 $11) 36... Rxf4 $15 37. Rb1 (37. Ke3 $17 Re4+ 38. Kd3) 37... Rf3+ $19 38. Kc2 Rxh3 39. Bg8 (39. d5 $142) 39... Rh2+ 40. Kd3 Nb5 (40... h5 $19 41. Rf1 Rh3+ 42. Kc2 f5 43. gxh5 Rxh5) 41. Bc4 (41. d5 $17 {was called for.}) 41... Rh3+ 42. Ke4 $2 (42. Kd2 $19 Nd6 43. Bg8) 42... f5+ $2 (42... Nd6+ {mates} 43. Kf4 g5#) 43. gxf5 $2 (43. Kf4 Nd6 44. Bf1) 43... gxf5+ $2 (43... Nc3+ $19 {is more deadly.} 44. Ke5 Nxb1 45. Be6+ Kc7) 44. Kxf5 $17 Nxd4+ (44... Nd6+ $17 45. Kg4 Ra3) 45. Ke4 $2 (45. Ke5 $11 {and White has nothing to worry.}) 45... Nb5 $2 ({Black should try} 45... Rh4+ $19 46. Kd3 Kc7) 46. Bxb5 $11 {KRB-KR} Rh4+ 47. Kf3 cxb5 48. Rxb5 {KR-KR} Kc6 49. Rb6+ Kc7 50. Kg3 Ra4 51. Rh6 Rxa5 {aiming for ...Rg5+.} 52. Rxh7+ $2 {[%mdl 8192]} ({Only move:} 52. Kf4 $1 $15) 52... Kb6 $2 (52... Kc6 $1 $19 {Threatens to win with ...Re5.} 53. Kf4 Ra3) 53. Kf4 $2 {[%mdl 8192]} (53. Kf3 $1 $15) 53... Rd5 $2 (53... Ra3 $19 54. Ke4 Ka6) 54. Ke4 Rd1 55. Rh6+ $2 {[%mdl 8192] Black keeps a firm grip on the game.} (55. Rh2 $11) 55... Ka5 $19 56. Rh3 b5 57. Rd3 Rxd3 {Black mates.} 58. Kxd3 {KP-K} Kb4 59. Kc2 Ka3 $1 60. Kc3 {[#]} b4+ $1 61. Kc2 Ka2 62. Kc1 {[#]} b3 $1 63. Kd2 b2 64. Kc2 b1=Q+ 65. Kc3 Qb3+ 66. Kd4 Ka3 67. Kc5 Ka4 68. Kd6 Qb5 69. Kc7 Kb4 70. Kd8 Kc4 71. Ke7 Kd5 72. Kd8 Qb7 73. Ke8 Ke6 {[%csl Ge6][%cal Rb7e7]} 74. Kf8 Qf7# {Accuracy: White = 47%, Black = 63%.} 0-1

[Event "Stay Safe Play From Home 358"]
[Site "Emanuel Lasker Arena"]
[Date "2020.08.05"]
[Round "7"]
[White "SoulofWolf"]
[Black "Haris kollari 13"]
[Result "1-0"]
[WhiteElo "2158"]
[BlackElo "1718"]
[Annotator "NA RC"]
[PlyCount "51"]
[EventDate "2020.08.05"]
[EventType "swiss (blitz)"]

1. e4 {[%emt 0:00:01]} e6 {[%emt 0:00:00]} 2. Nf3 {[%emt 0:00:01]} d5 {[%emt 0:00:01]} 3. e5 {[%emt 0:00:01]} c5 {[%emt 0:00:01]} 4. c3 {[%emt 0:00:00]} Nc6 {[%emt 0:00:01]} 5. b3 {[%emt 0:00:02]} a6 {[%emt 0:00:02]} 6. Bb2 {[%emt 0:00:00]} b5 {[%emt 0:00:01]} 7. a3 {[%emt 0:00:01]} c4 {[%emt 0:00:01]} 8. d4 {[%emt 0:00:01]} Nge7 {[%emt 0:00:02]} 9. Nbd2 {[%emt 0:00:01]} Ng6 {[%emt 0:00:01]} 10. g3 {[%emt 0:00:01]} Bd7 {[%emt 0:00:01]} 11. Bg2 {[%emt 0:00:01]} Be7 {[%emt 0:00:01]} 12. O-O {[%emt 0:00:00]} h5 {[%emt 0:00:01]} 13. h4 {[%emt 0:00:01]} Nf8 {[%emt 0:00:02]} 14. Bc1 {[%emt 0:00:04]} g5 {[%emt 0:00:01]} 15. hxg5 {[%emt 0:00:01]} Bxg5 {[%emt 0:00:03]} 16. Nxg5 {[%emt 0:00:00]} Qxg5 {[%emt 0:00:02]} 17. Ne4 {[%emt 0:00:00]} Qe7 {[%emt 0:00:04]} 18. Nd6+ {[%emt 0:00:04]} Kd8 {[%emt 0:00:02]} 19. bxc4 {[%emt 0:00:01]} bxc4 {[%emt 0:00:03]} 20. Rb1 {[%emt 0:00:01]} Rb8 {[%emt 0:00:02]} 21. Bf4 {[%emt 0:00:05]} Ng6 {[%emt 0:00:03]} 22. Bd2 {[%emt 0:00:03]} h4 {[%emt 0:00:01]} 23. Qa4 {[%emt 0:00:01]} hxg3 {[%emt 0:00:17]} 24. fxg3 {[%emt 0:00:00]} Nh4 {[%emt 0:00:01]} 25. Rxb8+ {[%emt 0:00:04]} Nxb8 {[%emt 0:00:02]} 26. Qa5# {[%emt 0:00:01] (Lag: Av=0.30s, max=0.4s) (Lag: Av=0.30s, max=0.4s) (Lag: Av=0.30s, max=0.4s) (Lag: Av=0.30s, max=0.4s) (Lag: Av=0.30s, max=0.4s)} 1-0